000 00862nam a22002297a 4500
999 _c16749
_d16749
003 AR-CdUCM
008 190506b ||||| |||| 00| 0 spa d
040 _aMUNICIPALIDAD PROVINCIAL DEL CUSCO
_cBIBLIOTECA MUNICIPAL DEL CUSCO
082 _a780.973 /
_bP33
100 _aPaz, Juan Carlos
_913973
245 _aLa música en los Estados Unidos /
260 _aMéxico, D.F :
_bFondo de Cultura Económica,
_c1952.
300 _a215 páginas ;
_c17 cm.
440 _aBreviarios del Fondo de Cultura Económica
_n68
_936376
500 _aSegunda edición 1959 198 páginas
505 _aContenido: Perspectiva y enfoque -- Antecedentes -- El siglo XIX: trayectoria, caracteres, valores, tendencias...
650 _aMúsica
_91443
650 _aEstados Unidos
_91805
650 _aHistoria y crítica
_95993
942 _2ddc
_cLIBROS
945 _adavv
_d06/05/2019